| 000 | 00645nam a22002057a 4500 | ||
|---|---|---|---|
| 003 | 0 | ||
| 005 | 20250911155706.0 | ||
| 008 | 250911b xxu||||| |||| 00| 0 eng d | ||
| 020 | _a978-1-032-91011-6 | ||
| 050 |
_aQA 40.9 _b.G85 2025 |
||
| 100 |
_aGuillod, Julien, _eauthor. |
||
| 245 |
_aPython programming for mathematics / _cJulien Guillod. |
||
| 260 |
_aBoca Raton, FL : _bCRC Press, _c2025. |
||
| 300 |
_aix, 237 pages : _billustrations ; _c24 cm. |
||
| 504 | _aIncludes index. | ||
| 650 |
_aMathematics _xData processing. |
||
| 650 | _aPython (Computer program language). | ||
| 650 |
_aMathematics _xComputer programs. |
||
| 942 |
_2lcc _cBK |
||
| 999 |
_c367908 _d367908 |
||